书目信息 |
| 题名: |
优秀的人总会赢在谈判上
|
|
| 作者: | 刘建华 编著 | |
| 分册: | ||
| 出版信息: | 天津 天津人民出版社 2020.02 |
|
| 页数: | 250页 | |
| 开本: | 24cm | |
| 丛书名: | 成就一生的绝妙金口才系列 | |
| 单 册: | ||
| 中图分类: | F715.4 | |
| 科图分类: | ||
| 主题词: | 商务谈判--shang wu tan pan | |
| 电子资源: | ||
| ISBN: | 978-7-201-15812-9 | |
| 000 | 00995nam 2200253 450 | |
| 001 | CAL 0120202979514 | |
| 005 | 20230217093113.0 | |
| 010 | @a978-7-201-15812-9@dCNY39.80 | |
| 100 | @a20200506d2020 em y0chiy0120 ea | |
| 101 | 0 | @achi |
| 102 | @aCN@b120000 | |
| 105 | @ay z 000yy | |
| 106 | @ar | |
| 200 | 1 | @a优秀的人总会赢在谈判上@Ayou xiu de ren zong hui ying zai tan pan shang@f刘建华编著 |
| 210 | @a天津@c天津人民出版社@d2020.02 | |
| 215 | @a250页@d24cm | |
| 225 | 2 | @a成就一生的绝妙金口才系列@Acheng jiu yi sheng de jue miao jin kou cai xi lie |
| 330 | @a本书以谈判学为基础, 结合人际关系学、社会心理学及各相关领域的研究成果, 教你如何应对谈判对象的无理要求, 如何在艰困胶着的对立中, 坚守自己的利益, 同时达成共识, 教你获得立刻派得上用场的实用性谈判技巧。 | |
| 410 | 0 | @12001 @a成就一生的绝妙金口才系列 |
| 606 | 0 | @a商务谈判@Ashang wu tan pan |
| 690 | @aF715.4@v5 | |
| 701 | 0 | @a刘建华@Aliu jian hua@4编著 |
| 801 | 0 | @aCN@bBJXHZP@c20230222 |
| 905 | @b1378744-7@dF715.4@e1233@f4 | |
| 优秀的人总会赢在谈判上/刘建华编著.-天津:天津人民出版社,2020.02 |
| 250页;24cm.-(成就一生的绝妙金口才系列) |
| ISBN 978-7-201-15812-9:CNY39.80 |
| 本书以谈判学为基础, 结合人际关系学、社会心理学及各相关领域的研究成果, 教你如何应对谈判对象的无理要求, 如何在艰困胶着的对立中, 坚守自己的利益, 同时达成共识, 教你获得立刻派得上用场的实用性谈判技巧。 |
| ● |
| 相关链接 |
|
|
|
|
正题名:优秀的人总会赢在谈判上
索取号:F715.4/1233
 
预约/预借
| 序号 | 登录号 | 条形码 | 馆藏地/架位号 | 状态 | 备注 |
| 1 | 1378744 | 213787446 | 第一样本阅览室/ [索取号:F715.4/1233] | 在馆 | |
| 2 | 1378745 | 213787455 | 第一借阅区/ [索取号:F715.4/1233] | 在馆 | |
| 3 | 1378746 | 213787464 | 第一借阅区/ [索取号:F715.4/1233] | 在馆 | |
| 4 | 1378747 | 213787473 | 第一借阅区/ [索取号:F715.4/1233] | 在馆 |